Mario Kart 8 Deluxe + Booster Course Pass Tracks - Statistics

General Stats
  • This quiz has been taken 25 times
  • The average score is 21 of 96
Answer Stats
Cup Track % Correct
Flower Mario Circuit
81%
Mushroom Mario Kart Stadium
75%
Mushroom Thwomp Ruins
69%
Special Rainbow Road
63%
Mushroom Water Park
63%
Special Bowser's Castle
50%
Star Electrodrome
50%
Star Mount Wario
50%
Mushroom Sweet Sweet Canyon
50%
Star Dolphin Shoals
44%
Star Sunshine Airport
44%
Special Cloudtop Cruise
38%
Flower Shy Guy Falls
38%
Flower Toad Harbor/Toad Harbour
38%
Flower Twisted Mansion
38%
Crossing Animal Crossing
31%
Special Bone-Dry Dunes/Bone Dry Dunes
31%
Bell Big Blue
25%
Golden Dash N64 Choco Mountain
25%
Triforce SNES Rainbow Road
25%
Golden Dash Wii Coconut Mall
25%
Rock Wii Maple Treeway
25%
Spiny Wii Rainbow Road
25%
Crossing Wild Woods
25%
Leaf 3DS Music Park/3DS Melody Motorway
19%
Moon 3DS Rainbow Road
19%
Spiny 3DS Rosalina's Ice World
19%
Egg Dragon Driftway
19%
Boomerang DS Mario Circuit
19%
Turnip DS Waluigi Pinball
19%
Egg Excitebike Arena
19%
Rock GBA Boo Lake
19%
Crossing GBA Cheese Land
19%
Shell GBA Mario Circuit
19%
Cherry GBA Sunset Wilds
19%
Triforce Hyrule Circuit
19%
Moon Merry Mountain
19%
Egg Mute City
19%
Lightning N64 Rainbow Road
19%
Leaf N64 Yoshi Valley
19%
Lucky Cat Ninja Hideaway
19%
Propeller Sky-High Sundae
19%
Banana SNES Donut Plains 3
19%
Bell Super Bell Subway
19%
Fruit TOUR Amsterdam Drift
19%
Rock TOUR London Loop
19%
Cherry TOUR Los Angeles Laps
19%
Turnip TOUR New York Minute
19%
Propeller TOUR Sydney Sprint
19%
Lucky Cat TOUR Tokyo Blur
19%
Fruit Wii DK Summit/DK's Snowboard Cross
19%
Cherry Wii Koopa Cape
19%
Propeller Wii Mushroom Gorge
19%
Fruit Yoshi's Island
19%
Banana 3DS DK Jungle
13%
Lightning 3DS Piranha Plant Slide/3DS Piranha Plant Pipeway
13%
Rock 3DS Rock Rock Mountain/3DS Alpine Pass
13%
Golden Dash 3DS Toad Circuit
13%
Shell DS Cheep Cheep Beach
13%
Moon DS Peach Gardens
13%
Lucky Cat DS Shroom Ridge
13%
Lightning DS Tick-Tock Clock
13%
Bell GBA Ribbon Road
13%
Fruit GBA Riverside Park
13%
Propeller GBA Snow Land
13%
Crossing GCN Baby Park
13%
Feather GCN Daisy Cruiser
13%
Acorn GCN DK Mountain
13%
Banana GCN Dry Dry Desert
13%
Leaf GCN Sherbet Land
13%
Boomerang GCN Waluigi Stadium
13%
Egg GCN Yoshi Circuit
13%
Triforce Ice Ice Outpost
13%
Turnip N64 Kalimari Desert
13%
Banana N64 Royal Raceway
13%
Acorn Piranha Plant Cove
13%
Spiny SNES Bowser Castle 3
13%
Turnip SNES Mario Circuit 3
13%
Feather Squeaky Clean Sprint
13%
Feather TOUR Athens Dash
13%
Moon TOUR Berlin Byways
13%
Spiny TOUR Madrid Drive
13%
Golden Dash TOUR Paris Promenade
13%
Acorn TOUR Rome Avanti
13%
Boomerang TOUR Singapore Speedway
13%
Cherry TOUR Vancouver Velocity
13%
Acorn Wii Daisy Cruiser
13%
Lightning Wii Grumble Volcano
13%
Shell Wii Moo Moo Meadows
13%
Feather Wii Moonview Highway
13%
Triforce Wii Wario's Gold Mine
13%
Bell 3DS Neo Bowser City/3DS Koopa City
6%
Leaf DS Wario Stadium
6%
Lucky Cat GBA Sky Garden
6%
Shell N64 Toad's Turnpike
6%
Boomerang TOUR Bangkok Rush
6%
No matching quizzes found
Score Distribution
Percent of People with Each Score
Percentile by Number Answered
Your Score History
You have not taken this quiz